|
|
|
|
| LEADER |
00000nam0a2200000 4500 |
| 001 |
111070 |
| 005 |
20231031120655.0 |
| 010 |
|
|
|a 5947988941
|
| 035 |
|
|
|a (RuTPU)RU\TPU\book\119944
|
| 035 |
|
|
|a RU\TPU\book\63225
|
| 090 |
|
|
|a 111070
|
| 100 |
|
|
|a 20040127d2006 m y0rusy50 ca
|
| 101 |
0 |
|
|a rus
|
| 102 |
|
|
|a RU
|
| 105 |
|
|
|a y j 000zy
|
| 200 |
1 |
|
|a Право социального обеспечения
|e учебник для вузов
|f Г. В. Сулейманова
|
| 210 |
|
|
|a Москва
|c Дашков и К
|d 2006
|
| 215 |
|
|
|a 464 с.
|
| 330 |
|
|
|a Предлагаемый учебник отражает основные вопросы учебной программы по курсу «Право социального обеспечения» и новейшие положения законодательства в данной области. В нем впервые освещены положения, связанные с монетизацией льгот и установлением ежемесячных денежных выплат отдельным категориям граждан. Главная цель учебника - способствовать успешной подготовке студентов к сдаче экзаменов и зачетов и овладению основами теоретических знаний по проблемам права социального обеспечения, действующего законодательства по социальному обеспечению и грамотному применению его в конкретных практических ситуациях. Для студентов и преподавателей юридических вузов и факультетов, слушателей системы повышения квалификации и переподготовки кадров, работников органов социальной защиты населения, юридических и кадровых служб организаций.
|
| 333 |
|
|
|a Исключено из фонда НТБ ТПУ
|
| 451 |
|
1 |
|0 (RuTPU)RU\TPU\book\148357
|y 978-5-91131-660-0
|t Право социального обеспечения
|o учебник для вузов
|f Г. В. Сулейманова
|e 2-е изд., перераб. и доп.
|c М.
|n Дашков и К
|d 2008
|p 464 с.
|a Сулейманова, Галия Валиахметовна
|
| 451 |
|
1 |
|0 (RuTPU)RU\TPU\book\63225
|y 5-222-03209-4
|t Право социального обеспечения
|o учебное пособие
|f Г. В. Сулейманова
|c Ростов-на-Дону
|n Феникс
|d 2003
|p 502 с.
|s Высшее образование
|a Сулейманова, Галия Валиахметовна
|
| 686 |
|
|
|a Х627.6я73
|v LBC/SL-A
|2 rubbk
|
| 700 |
|
1 |
|a Сулейманова
|b Г. В.
|g Галия Валиахметовна
|
| 801 |
|
1 |
|a RU
|b 63413507
|c 20070307
|g PSBO
|
| 801 |
|
2 |
|a RU
|b 63413507
|c 20210211
|g PSBO
|
| 942 |
|
|
|c BK
|
| 959 |
|
|
|a 25/20070301
|d 1
|e 239,14
|f ЧЗГЛ:1
|
| 959 |
|
|
|a 24/20070227
|d 1
|e 176,00
|f АНЛ:1
|